[Event "The Chicago Bears Tournament ! (Under 1600)"]
[Site "SchemingMind.com"]
[Date "2011.02.16"]
[Round "-"]
[White "CortexContusion"]
[Black "ampp"]
[Result "1-0"]
[WhiteCountry "USA"]
[BlackCountry "POR"]
[WhiteElo "1606"]
[WhiteRD "118"]
[BlackElo "1141"]
[BlackRD "53"]
[GameID "276046"]

1. d4 d6 2. e4 g6 3. Nf3 Bg7 4. Nc3 Nf6 5. Be2 O-O 6. O-O c6 7. h3 Nbd7 8. Be3 a5 9. e5 dxe5 10. dxe5 Ne8
11. Ng5 e6 12. Nce4 h6 13. Nf3 f6 14. exf6 Nexf6 15. Nxf6+ Bxf6 16. Bxh6 Bxb2 17. Bxf8 Bxa1 18. Qxa1 Nxf8 19. Rd1 Qe7 20. Qe5 b5
21. Nd4 Bd7 22. Bf3 Rc8 23. Nb3 a4 24. Nc5 Rd8 25. Qd4 e5 26. Qd6 Qf7 27. Bxc6 Qe8 28. Nxd7 Kh8 29. Qf6+ Kg8 30. Bd5+ Kh7
31. Nxf8+ Qxf8 32. Bg8+ Kh6 33. Qh4+ Kg7 34. Rxd8
1-0

[Event "The Chicago Bears Tournament ! (Under 1600)"]
[Site "SchemingMind.com"]
[Date "2011.02.16"]
[Round "-"]
[White "lumamo66"]
[Black "CortexContusion"]
[Result "1-0"]
[WhiteCountry "ESP"]
[BlackCountry "USA"]
[WhiteElo "1514"]
[WhiteRD "87"]
[BlackElo "1646"]
[BlackRD "88"]
[GameID "276048"]

1. e4 d6 2. f4 e5 3. Nf3 exf4 4. d4 g5 5. h3 Nc6 6. Bb5 Bd7 7. Nc3 Bg7 8. O-O g4 9. hxg4 Bxg4 10. d5 Bxf3
11. Qxf3 Bd4+ 12. Kh1 Nf6 13. Qxf4 Qe7 14. Qh4 Qe5 15. Bg5 Ng4 16. Qxg4 Rg8 17. Rf5 Qg7 18. Raf1 f6 19. Qh5+ Kd7 20. g4 Raf8
21. Bh6
1-0

[Event "The Chicago Bears Tournament ! (Under 1600)"]
[Site "SchemingMind.com"]
[Date "2011.02.17"]
[Round "-"]
[White "BigDaddy"]
[Black "CortexContusion"]
[Result "0-1"]
[WhiteCountry "AUT"]
[BlackCountry "USA"]
[WhiteElo "1412"]
[WhiteRD "69"]
[BlackElo "1731"]
[BlackRD "76"]
[GameID "276049"]

1. e4 c5 2. Nf3 d6 3. d4 cxd4 4. Nxd4 Nf6 5. Nc3 a6 6. Bg5 e6 7. Bxf6 Qxf6 8. Bd3 Bd7 9. Qf3 Qxd4 10. O-O Be7
11. a3 Qf6 12. Qxf6 Bxf6 13. Rab1 b5 14. Be2 Nc6 15. Bf3 Ne5 16. h3 Nxf3+ 17. gxf3 Rc8 18. Rfe1 O-O 19. f4 Bxc3 20. bxc3 Rxc3
21. Rb3 Rxb3 22. cxb3 Rc8 23. e5 dxe5 24. fxe5 f6 25. exf6 gxf6 26. Rd1 Be8 27. b4 Rc3 28. Rd6 Rxa3 29. Rxe6 Kf7 30. Re4 Ra4
31. Rd4 a5 32. Rh4 Kg6 33. Rg4+ Kf5 34. f3 Rxb4 35. Re4 Rxe4 36. fxe4+ Kxe4 37. Kf2 a4 38. Ke1 a3 39. Kd1 a2 40. Kc1 a1=Q+
41. Kc2 Qa3 42. Kd2 Qd3+
0-1

[Event "The Chicago Bears Tournament ! (Under 1600)"]
[Site "SchemingMind.com"]
[Date "2011.02.18"]
[Round "-"]
[White "Olli Ylönen"]
[Black "CortexContusion"]
[Result "1-0"]
[WhiteCountry "FIN"]
[BlackCountry "USA"]
[WhiteElo "1640"]
[WhiteRD "55"]
[BlackElo "1646"]
[BlackRD "88"]
[GameID "276050"]

1. e4 e5 2. Nf3 Nc6 3. Bb5 a6 4. Bxc6 dxc6 5. O-O Bg4 6. h3 h5 7. d3 Qf6 8. Nbd2 Ne7 9. Re1 Ng6 10. d4 Bd6
11. hxg4 hxg4 12. Nh2 Qh4 13. Ndf1 O-O-O 14. Qxg4+ Qxg4 15. Nxg4 Rh4 16. dxe5 Rdh8 17. f3 Nxe5 18. Nxe5 Bxe5 19. c3 Rh1+ 20. Kf2 b5
21. Be3 Rd8 22. Rad1 Rd6 23. Bc5 Rg6 24. g3 Rh3 25. f4 Bd6 26. Bxd6 cxd6 27. e5
1-0

[Event "The Chicago Bears Tournament ! (Under 1600)"]
[Site "SchemingMind.com"]
[Date "2011.02.16"]
[Round "-"]
[White "shaqattack"]
[Black "CortexContusion"]
[Result "1-0"]
[WhiteCountry "ENG"]
[BlackCountry "USA"]
[WhiteElo "1554"]
[WhiteRD "76"]
[BlackElo "1606"]
[BlackRD "118"]
[GameID "276051"]

1. e4 e5 2. Nf3 d6 3. d4 exd4 4. Qxd4 Bd7 5. Bc4 Nc6 6. Qc3 Nf6 7. Bg5 Be7 8. Bxf6 Bxf6 9. Qb3 O-O 10. O-O Nd4
11. Nxd4 Bxd4 12. c3 Be5 13. Nd2 Qg5 14. Nf3 Qh5 15. Nxe5 dxe5 16. Qd1 Qg5 17. Qf3 Bg4 18. Qg3 h5 19. h3 h4 20. Qxg4
1-0

[Event "The Chicago Bears Tournament ! (Under 1600)"]
[Site "SchemingMind.com"]
[Date "2011.02.16"]
[Round "-"]
[White "Ricsige"]
[Black "CortexContusion"]
[Result "0-1"]
[WhiteCountry "AHO"]
[BlackCountry "USA"]
[WhiteElo "1410"]
[WhiteRD "117"]
[BlackElo "1646"]
[BlackRD "88"]
[GameID "276053"]

1. Nf3 d5 2. d4 Nf6 3. c4 c6 4. Nc3 dxc4 5. a4 Bf5 6. Ne5 e6 7. f3 Bb4 8. e4 Bg6 9. Bxc4 Nbd7 10. Nd3 Ba5
11. Be3 O-O
0-1